00609cam a2200205 i 450000100060000000300080000600500170001400800390003103500190007003500160008904000270010504100080013208200210014010000230016124500560018426000410024030000330028150400410031465000480035522257BD-RjUL20211209000803.0140306s1976 ii b b 000 0 eng a(BD-RjUL)22322 a(NNC)744254 aNNCbengcNNCdBD-RjUL aeng00a891.45bMIH 19761 aMishra, Jayakanta.10aHistory of Maithili literature /cJayakanta Mishra. aNew Delhi :bSahitya Akademi,c1976. avii, 308 p. :bmap ;c23 cm. aIncludes bibliographical references. 0aMaithili literaturexHistory and criticism.